[Event "OLNN 1617 Schachfreunde HH - Hamburger"]
[Site "?"]
[Date "2017.02.19"]
[Round "6.3"]
[White "Lindinger, Markus"]
[Black "Ritscher, Jan-Paul"]
[Result "1/2-1/2"]
[WhiteElo "2271"]
[BlackElo "2242"]
[PlyCount "42"]
[EventDate "2017.??.??"]

1. b3 d5 2. Bb2 Bg4 3. h3 Bh5 4. g4 Bg6 5. e3 Nd7 6. f4 e6 7. Nf3 f6 8. d3 Bd6
9. Nbd2 c6 10. c4 Ne7 11. a3 e5 12. f5 Bf7 13. Qc2 Qb6 14. Kf2 a5 15. Re1 g6
16. d4 c5 17. dxe5 Nxe5 18. Bxe5 Bxe5 19. cxd5 Bxd5 20. Nc4 Bxc4 21. Bxc4 gxf5
{(=)} 1/2-1/2

[Event "OLNN 1617 Schachfreunde HH - Hamburger"]
[Site "?"]
[Date "2017.02.19"]
[Round "6.4"]
[White "Hermesmann, Hans"]
[Black "Gaede, Derek"]
[Result "0-1"]
[WhiteElo "2278"]
[BlackElo "2282"]
[PlyCount "80"]
[EventDate "2017.??.??"]

1. d4 Nf6 2. c4 e6 3. Nf3 b6 4. e3 Bb7 5. Bd3 d5 6. O-O Be7 7. b3 Nbd7 8. Bb2
O-O 9. Nc3 Re8 10. Rc1 Rc8 11. cxd5 exd5 12. Ne5 c6 13. f4 Nf8 14. Rf3 Rc7 15.
g4 Bd6 16. g5 Ne4 17. Nxe4 dxe4 18. Bxe4 Qc8 19. Rg3 c5 20. d5 Rce7 21. Bg2 Ng6
22. Nc4 Qc7 23. Nxd6 Qxd6 24. f5 Nh4 25. Qh5 Nxf5 26. Rh3 Qg6 27. Qxg6 hxg6 28.
e4 Rxe4 29. Bxe4 Rxe4 30. Rd1 Nd6 31. Kf2 Rg4 32. Be5 Ne4+ 33. Kf3 Bc8 34. Bf4
Nxg5+ 35. Bxg5 Rxg5 36. Rh4 Bb7 37. Kf4 Rf5+ 38. Ke4 f6 39. Rg4 Re5+ 40. Kf4
g5+ 0-1

[Event "OLNN 1617 Schachfreunde HH - Hamburger"]
[Site "?"]
[Date "2017.02.19"]
[Round "6.5"]
[White "Hinrichs, Lars"]
[Black "Kluenger, Marc"]
[Result "1-0"]
[WhiteElo "2174"]
[BlackElo "2220"]
[PlyCount "85"]
[EventDate "2017.??.??"]

1. e4 c5 2. Nf3 e6 3. g3 Nc6 4. Bg2 d5 5. exd5 exd5 6. d4 Bg4 7. O-O Nf6 8.
Re1+ Be7 9. dxc5 O-O 10. h3 Bh5 11. g4 Bg6 12. Be3 Ne4 13. Nc3 Nxc3 14. bxc3
Be4 15. Nd4 Bxg2 16. Kxg2 Re8 17. Rb1 Qd7 18. Nf5 Bf8 19. Nd6 Bxd6 20. Qxd5 Re6
21. Red1 Ne7 22. Qf3 Ng6 23. Kf1 Rf6 24. Qd5 Qe8 25. Bg5 Nf4 26. Qf3 Be5 27.
Bxf6 gxf6 28. Rxb7 Qa4 29. Rb4 Qa6+ 30. Rd3 Rd8 31. Rxf4 Bxf4 32. Qxf4 Rxd3 33.
cxd3 Qxd3+ 34. Kg2 Qxc3 35. Qd6 Qc4 36. c6 Qe4+ 37. Kg3 Qe1 38. c7 Qc3+ 39. Kg2
Kg7 40. Qd7 Qe5 41. c8=Q Qe4+ 42. Kg3 Qe5+ 43. Kf3 1-0

[Event "OLNN 1617 Schachfreunde HH - Hamburger"]
[Site "?"]
[Date "2017.02.19"]
[Round "6.6"]
[White "Jaeckle, Marco"]
[Black "Groetzbach, Julian"]
[Result "1-0"]
[WhiteElo "2215"]
[BlackElo "2232"]
[PlyCount "109"]
[EventDate "2017.??.??"]

1. e4 d5 2. exd5 Qxd5 3. Nc3 Qd6 4. d4 Nf6 5. Nb5 Qd8 6. Bf4 Nd5 7. Qf3 c6 8.
Bc4 Be6 9. Bxd5 Bxd5 10. Nc7+ Qxc7 11. Bxc7 Bxf3 12. Nxf3 e6 13. Bxb8 Rxb8 14.
Ke2 g6 15. Rhd1 Bg7 16. a4 Ke7 17. a5 c5 18. c3 cxd4 19. Nxd4 Rhd8 20. Nb5 a6
21. Na3 Rxd1 22. Rxd1 Rc8 23. Kd3 Rc5 24. Nc4 Be5 25. h3 Bc7 26. b4 Rg5 27. g4
h5 28. f3 hxg4 29. hxg4 Rd5+ 30. Kc2 Rxd1 31. Kxd1 Kd7 32. Kc2 Kc6 33. Kd3 Kd5
34. Nd2 f5 35. gxf5 exf5 36. Nb3 Bd6 37. Nd4 Ke5 38. Ke3 g5 39. Ne2 f4+ 40. Kd3
Kd5 41. Ng1 Ke5 42. Nh3 g4 43. fxg4 f3 44. Ke3 Kd5 45. Nf2 Be5 46. Nd1 Kc4 47.
Kxf3 Kd3 48. g5 Kd2 49. Ke4 Bg7 50. c4 Kxd1 51. b5 Bf8 52. g6 Kc2 53. bxa6 bxa6
54. Kd5 Kc3 55. c5 1-0

[Event "OLNN 1617 Schachfreunde HH - Hamburger"]
[Site "?"]
[Date "2017.02.19"]
[Round "6.7"]
[White "Schumacher, Norbert"]
[Black "Kull, Florian"]
[Result "1-0"]
[WhiteElo "2165"]
[BlackElo "2171"]
[PlyCount "125"]
[EventDate "2017.??.??"]

1. d4 d5 2. c4 c6 3. Nf3 Nf6 4. Nc3 e6 5. g3 Be7 6. Bg2 O-O 7. O-O Nbd7 8. cxd5
exd5 9. Bf4 Re8 10. Qc2 Nf8 11. Rad1 g6 12. Rfe1 Bf5 13. Qc1 Ne6 14. Bh6 Ne4
15. Ne5 N6g5 16. g4 Be6 17. f3 Nxc3 18. bxc3 f6 19. Nd3 Nf7 20. Bf4 f5 21. gxf5
Bxf5 22. Nf2 Nd6 23. e4 Be6 24. Rd2 Bg4 25. Rde2 Rf8 26. Bg3 dxe4 27. fxe4 Bg5
28. Qd1 Qd7 29. d5 cxd5 30. exd5 Bf5 31. Re6 Nf7 32. Qe2 Nd8 33. Rd6 Qc8 34. h4
Bf6 35. c4 Bd4 36. Kh2 Nf7 37. Re6 Nh6 38. Bh3 Bxh3 39. Nxh3 Nf5 40. h5 Nxg3
41. Kxg3 Bf6 42. Rf1 Qc7+ 43. d6 Qd8 44. hxg6 hxg6 45. Qe4 Rf7 46. Kh2 Kg7 47.
Rg1 g5 48. Qd5 Qh8 49. Rxf6 Rxf6 50. Rxg5+ Kf8 51. d7 Rd8 52. Kg2 Qh7 53. Qc5+
Kf7 54. Qd4 Qc2+ 55. Kg3 Qa4 56. Qd5+ Re6 57. Nf4 Qa3+ 58. Kg4 Qe7 59. Rf5+ Kg8
60. Nxe6 Rxd7 61. Qe5 Rd6 62. Rg5+ Kf7 63. Rg7+ 1-0

[Event "OLNN 1617 Schachfreunde HH - Hamburger"]
[Site "?"]
[Date "2017.02.19"]
[Round "6.8"]
[White "Dietz, Juergen"]
[Black "Jantzen, Hans-Joerg"]
[Result "1/2-1/2"]
[WhiteElo "2144"]
[BlackElo "2165"]
[PlyCount "130"]
[EventDate "2017.??.??"]

1. f4 d5 2. Nf3 Nf6 3. g3 c6 4. d3 Bf5 5. Bg2 Qc8 6. O-O Bh3 7. Nc3 Bxg2 8.
Kxg2 e6 9. e4 Be7 10. Qe2 dxe4 11. dxe4 Nbd7 12. f5 e5 13. b3 Qc7 14. Bb2 O-O
15. Nd1 Rfe8 16. Nf2 Bc5 17. Nd3 Bd4 18. c3 Bb6 19. Nd2 Rad8 20. Rad1 Nc5 21.
Nf2 Rd7 22. Nc4 Red8 23. Rxd7 Rxd7 24. Rd1 Rxd1 25. Qxd1 Ncxe4 26. Nxe4 Nxe4
27. Qe2 Nf6 28. Qxe5 Qd8 29. Nxb6 axb6 30. c4 h5 31. Qe3 Ng4 32. Qd4 Qg5 33. f6
gxf6 34. h3 Ne5 35. Qf4 Nd7 36. Bd4 Qg6 37. g4 Qc2+ 38. Kg3 Qxa2 39. Bxf6 Qxb3+
40. Kh4 Nxf6 41. Qg5+ Kf8 42. Qxf6 Qe3 43. g5 b5 44. cxb5 cxb5 45. Qh8+ Ke7 46.
Qf6+ Ke8 47. Qf5 Qe1+ 48. Kxh5 Qe2+ 49. Kh6 Qc4 50. Qe5+ Kd7 51. Kg7 b4 52.
Qf5+ Kc7 53. h4 b3 54. h5 Qc3+ 55. Kg8 b2 56. h6 Qc1 57. h7 b1=Q 58. Qxb1 Qxb1
59. h8=Q Qg6+ 60. Qg7 b5 61. Kf8 Kb6 62. Qd4+ Kc6 63. Qc3+ Kd5 64. Qb3+ Kc5 65.
Qc3+ Kd5 1/2-1/2

[Event "OLNN 1617 Agon Neumünster - FC St. Pau"]
[Site "?"]
[Date "2017.02.19"]
[Round "6.1"]
[White "Feuerstack, Aljoscha"]
[Black "Parvanyan, Ashot"]
[Result "0-1"]
[WhiteElo "2449"]
[BlackElo "2356"]
[PlyCount "154"]
[EventDate "2017.??.??"]

1. d4 Nf6 2. Nc3 d5 3. Bf4 Bf5 4. f3 e6 5. g4 Bg6 6. h4 h5 7. g5 Ng8 8. e3 Bd6
9. Nh3 Ne7 10. Bd3 Nbc6 11. Bxd6 Qxd6 12. Nf4 Bxd3 13. Qxd3 e5 14. Nfe2 O-O-O
15. O-O-O Qg6 16. Qb5 a6 17. Qb3 exd4 18. exd4 Qd6 19. Na4 b6 20. Kb1 g6 21.
Qd3 Kb7 22. Nc1 Qb4 23. Nc3 Nf5 24. N3e2 Rhe8 25. Qd2 Qd6 26. c3 Re3 27. Ng1
Rde8 28. Nd3 Na5 29. b3 c5 30. dxc5 bxc5 31. Nb2 Nc6 32. Nh3 Rxf3 33. Qxd5 Qxd5
34. Rxd5 Ree3 35. Rd7+ Kc8 36. Rxf7 Rxh3 37. Rd1 Re7 38. Rf6 Kc7 39. Na4 Rhe3
40. Nxc5 Rxc3 41. Nxa6+ Kb7 42. Rc1 Rxc1+ 43. Kxc1 Nxh4 44. Nc5+ Kc7 45. Ne6+
Kb8 46. b4 Ne5 47. b5 Nd7 48. Nd4 Nxf6 49. Nc6+ Kb7 50. Nxe7 Ne4 51. a4 Nxg5
52. a5 Ne6 53. a6+ Kb6 54. Kd2 Kxb5 55. a7 Nc7 56. Kd3 Ka6 57. Nd5 Na8 58. Ke4
Nf5 59. Nf4 Ne7 60. Kf3 Kxa7 61. Kg3 Nf5+ 62. Kh3 Nc7 63. Nxg6 Ne6 64. Ne5 Kb7
65. Nd7 Nf4+ 66. Kh2 Nd5 67. Nc5+ Kc6 68. Ne4 Kd7 69. Ng5 Ke7 70. Kh3 Kf6 71.
Nf3 Nf4+ 72. Kh2 Ke6 73. Kg1 Kd5 74. Kf2 Nd3+ 75. Kg2 Ke4 76. Ng5+ Kf4 77. Nf3
Ne3+ 0-1

[Event "OLNN 1617 Agon Neumünster - FC St. Pau"]
[Site "?"]
[Date "2017.02.19"]
[Round "6.2"]
[White "Wulf von Moers, Jens"]
[Black "Michna, Marta"]
[Result "0-1"]
[WhiteElo "2195"]
[BlackElo "2388"]
[PlyCount "84"]
[EventDate "2017.??.??"]

1. e4 e6 2. d4 d5 3. Nd2 Nf6 4. e5 Nfd7 5. Bd3 c5 6. c3 Nc6 7. Ne2 a5 8. O-O
cxd4 9. cxd4 Nb6 10. Nf3 Be7 11. g3 Bd7 12. a3 a4 13. h4 Na5 14. Bg5 Nbc4 15.
Bxe7 Qxe7 16. Rb1 Rc8 17. Nf4 Bb5 18. Re1 Nb3 19. Qe2 Rc6 20. Red1 g6 21. Kg2
Kd7 22. Qe1 Rhc8 23. Ne2 Ba6 24. Ng5 Rh8 25. Nf3 Rhc8 26. Ng5 h6 27. Nh7 Kc7
28. Nc3 Nxd4 29. Nxa4 Nb3 30. Nf6 Kb8 31. Nc3 d4 32. Ne2 Rc5 33. Qb4 Nba5 34.
Ne4 R5c7 35. Nd6 Rd8 36. b3 Nc6 37. Qe1 N4xe5 38. Bxa6 Qxd6 39. Bc4 Qxa3 40.
Nc1 Qb4 41. Nd3 Qxe1 42. Rxe1 Nxd3 0-1

[Event "OLNN 1617 Agon Neumünster - FC St. Pau"]
[Site "?"]
[Date "2017.02.19"]
[Round "6.3"]
[White "Voigt, Martin"]
[Black "Menzel, Ralf"]
[Result "1-0"]
[WhiteElo "2340"]
[BlackElo "2208"]
[PlyCount "111"]
[EventDate "2017.??.??"]

1. e4 c5 2. Nf3 Nc6 3. d4 cxd4 4. Nxd4 e5 5. Nb5 a6 6. Nd6+ Bxd6 7. Qxd6 Qf6 8.
Qxf6 Nxf6 9. Nc3 Nb4 10. Bd3 d5 11. exd5 Nfxd5 12. Nxd5 Nxd5 13. O-O Be6 14.
Re1 Nb4 15. Be4 O-O-O 16. a3 Nd5 17. g3 f6 18. Bd2 Rd7 19. Rec1 Kb8 20. Ba5 f5
21. Bg2 Rc8 22. c4 Ne7 23. Bc3 Ng6 24. b3 Ka7 25. h4 b5 26. h5 Nf8 27. Bxe5
bxc4 28. Bf1 g6 29. bxc4 gxh5 30. Bf4 Rb7 31. Be3+ Kb8 32. c5 Rc6 33. Bg2 Rbc7
34. Rab1+ Kc8 35. Bxc6 Rxc6 36. Bf4 Nd7 37. Bd6 Bd5 38. Rb4 Kd8 39. Rc3 Nf6 40.
Rb8+ Kd7 41. Rb7+ Kc8 42. Rb6 Ne4 43. Rxc6+ Bxc6 44. Rb3 Kd7 45. Rb6 Nxd6 46.
cxd6 a5 47. Ra6 a4 48. Ra7+ Kxd6 49. Rxh7 Bf3 50. Ra7 Bd1 51. Ra5 Ke6 52. f4
Bb3 53. Kf2 Bd1 54. Ke3 Bb3 55. Kd4 Bd1 56. Ra6+ 1-0

[Event "OLNN 1617 Agon Neumünster - FC St. Pau"]
[Site "?"]
[Date "2017.02.19"]
[Round "6.4"]
[White "Kopylov, Luba"]
[Black "Krause, Jonah"]
[Result "0-1"]
[WhiteElo "2137"]
[BlackElo "2331"]
[PlyCount "84"]
[EventDate "2017.??.??"]

1. d4 Nf6 2. c4 g6 3. Nc3 Bg7 4. e4 d6 5. f3 O-O 6. Be3 Nc6 7. Nge2 a6 8. g4
Rb8 9. Qd2 b5 10. cxb5 axb5 11. Ng3 b4 12. Nce2 e5 13. d5 Na5 14. Nc1 c6 15. h4
cxd5 16. exd5 Bb7 17. Bg5 Qb6 18. Bxf6 Bxf6 19. Ne4 Bg7 20. g5 Qd4 21. Bd3 Bxd5
22. Ne2 Qb6 23. Nf6+ Bxf6 24. gxf6 Qd8 25. Bxg6 hxg6 26. Qxd5 Qxf6 27. h5 e4
28. hxg6 Qe5 29. gxf7+ Rxf7 30. O-O-O Rc8+ 31. Kb1 Qxd5 32. Rxd5 exf3 33. Ng3
Nc4 34. Nf1 Rc5 35. Rd4 Rg7 36. Nd2 f2 37. Nf3 Rg3 38. Rdh4 Rxf3 39. Rh8+ Kf7
40. R1h7+ Ke6 41. Rh6+ Kd5 42. Rh5+ Ne5 0-1

[Event "OLNN 1617 Agon Neumünster - FC St. Pau"]
[Site "?"]
[Date "2017.02.19"]
[Round "6.5"]
[White "Breyther, Ruediger"]
[Black "Neumann, Joachim"]
[Result "1/2-1/2"]
[WhiteElo "2247"]
[BlackElo "2069"]
[PlyCount "71"]
[EventDate "2017.??.??"]

1. e4 c5 2. Nf3 Nc6 3. d4 cxd4 4. Nxd4 Nf6 5. Nc3 e5 6. Ndb5 d6 7. Bg5 a6 8.
Na3 b5 9. Nd5 Be7 10. Bxf6 Bxf6 11. c4 b4 12. Nc2 O-O 13. h4 Be6 14. g3 Rb8 15.
b3 a5 16. Bh3 Qd7 17. Nxf6+ gxf6 18. Bg2 Kh8 19. O-O f5 20. Qf3 f4 21. gxf4 Bg4
22. Qe3 f5 23. f3 exf4 24. Qxf4 Bh5 25. Rad1 fxe4 26. Qxd6 Qa7+ 27. c5 exf3 28.
Qxc6 fxg2 29. Rxf8+ Rxf8 30. Rd8 Qf7 31. Rxf8+ Qxf8 32. Kxg2 Qg7+ 33. Kf2 Qf7+
34. Kg3 Qg7+ 35. Kf2 Qf7+ 36. Kg3 1/2-1/2

[Event "OLNN 1617 Agon Neumünster - FC St. Pau"]
[Site "?"]
[Date "2017.02.19"]
[Round "6.6"]
[White "Grohde, Wolfgang"]
[Black "Perez de Miguel, Alvaro"]
[Result "0-1"]
[WhiteElo "2087"]
[BlackElo "2260"]
[PlyCount "110"]
[EventDate "2017.??.??"]

1. d4 d5 2. c4 c6 3. cxd5 cxd5 4. Nc3 Nf6 5. Nf3 Nc6 6. Bf4 a6 7. e3 Bg4 8. Be2
Rc8 9. O-O e6 10. h3 Bh5 11. Rc1 Be7 12. Na4 Nd7 13. a3 b5 14. Nc5 Nxc5 15.
dxc5 O-O 16. a4 Qa5 17. axb5 axb5 18. g4 Bg6 19. Qb3 b4 20. Ra1 Qxc5 21. Rfc1
Qb6 22. Ra6 Qb7 23. Qa4 Nb8 24. Rxc8 Qxc8 25. Ra8 Qc1+ 26. Kg2 Nc6 27. Rxf8+
Bxf8 28. Bb5 e5 29. Bxc6 exf4 30. exf4 Be4 31. Kg3 Qxb2 32. Qd1 Bc5 33. Qd2 Qc3
34. Qxc3 bxc3 35. Ne1 c2 36. Nxc2 Bxc2 37. Bxd5 Kf8 38. Kf3 Bd3 39. Bb3 Ke7 40.
Bd5 Bb6 41. Bb3 Bb5 42. Bd5 Bc5 43. Kg3 Be2 44. h4 Bd6 45. g5 f6 46. f3 Bd3 47.
Kg4 f5+ 48. Kg3 Kd7 49. Bb7 Kc7 50. Bd5 Kb6 51. Bf7 Kc5 52. Be6 Kd4 53. Kf2
Bxf4 54. Bc8 Ke5 55. Bb7 Bd2 0-1

[Event "OLNN 1617 Agon Neumünster - FC St. Pau"]
[Site "?"]
[Date "2017.02.19"]
[Round "6.7"]
[White "Mitscherling, Andreas"]
[Black "Maass, Joerg"]
[Result "1/2-1/2"]
[WhiteElo "2173"]
[BlackElo "2150"]
[PlyCount "84"]
[EventDate "2017.??.??"]

1. d4 Nf6 2. Bf4 g6 3. Nf3 Bg7 4. Nc3 d6 5. Qd2 Nbd7 6. h3 c6 7. e4 Qa5 8. Bd3
O-O 9. O-O e5 10. Bh2 Re8 11. Rab1 exd4 12. Nxd4 Ne5 13. Kh1 Nxd3 14. Qxd3 d5
15. e5 Nd7 16. b4 Qd8 17. f4 Nb6 18. Rbe1 a5 19. bxa5 Nc4 20. g4 Rxa5 21. Nb3
Ra3 22. Qd4 b6 23. Bg3 c5 24. Qf2 d4 25. Ne4 Bb7 26. Kh2 Rxa2 27. Nc1 Ra3 28.
Bh4 Qd5 29. Nd3 Ne3 30. Nd6 Nxf1+ 31. Rxf1 Rxd3 32. cxd3 Ra8 33. Nc4 Ra6 34.
Rb1 b5 35. Rxb5 Qh1+ 36. Kg3 Ra1 37. Be7 Rg1+ 38. Kh4 g5+ 39. fxg5 Bf3 40. Rb8+
Bf8 41. Qxg1 Qxg1 42. Bxf8 Qf2+ 1/2-1/2

[Event "OLNN 1617 Agon Neumünster - FC St. Pau"]
[Site "?"]
[Date "2017.02.19"]
[Round "6.8"]
[White "Hein, Andreas"]
[Black "Stenner, Patrick"]
[Result "0-1"]
[WhiteElo "1837"]
[BlackElo "2214"]
[PlyCount "146"]
[EventDate "2017.??.??"]

1. d4 g6 2. e4 c6 3. Nf3 d5 4. Nc3 dxe4 5. Nxe4 Nf6 6. Nxf6+ exf6 7. Be2 Bg7 8.
O-O O-O 9. Re1 a5 10. Be3 Na6 11. Qd2 Re8 12. c3 Nc7 13. Bh6 Bh8 14. Rad1 Be6
15. c4 Qd7 16. b3 Red8 17. Bf4 Bg7 18. Bh6 Qd6 19. Bf4 Qd7 20. Bh6 Qe7 21. Bxg7
Kxg7 22. h4 h5 23. Qc3 Qb4 24. Rc1 Bg4 25. Qe3 a4 26. Kf1 axb3 27. axb3 Ra3 28.
Rc3 Re8 29. Qd3 Bf5 30. Qd2 Rxb3 31. Rxb3 Qxb3 32. Rc1 Be4 33. Ne1 Qa3 34. Bf3
Qd6 35. Bxe4 Rxe4 36. Nf3 b5 37. Qc2 Re7 38. cxb5 cxb5 39. Qc5 Qf4 40. Rd1 Rd7
41. Qc6 Qf5 42. Qb7 Nd5 43. Qb8 Nf4 44. Ra1 Re7 45. Ne1 Qe4 46. Qxb5 Qxd4 47.
Qa4 Qd2 48. Qd1 Qb4 49. g3 Qb7 50. Nf3 Rd7 51. Qxd7 Qxd7 52. gxf4 Qg4 53. Ra3
Qxf4 54. Re3 Kh6 55. Kg2 g5 56. hxg5+ fxg5 57. Ne5 f6 58. Nd3 Qg4+ 59. Kh2 h4
60. Ne1 Qf4+ 61. Kg2 Kg6 62. Nd3 Qf5 63. Kh2 g4 64. Kg2 Kg5 65. Kh2 Qd5 66. Kg1
h3 67. Ne1 Qd1 68. Re8 Kf5 69. Re3 Kf4 70. Kh2 Qb1 71. Nd3+ Kg5 72. Nc5 Qf1 73.
Ne4+ Kf4 0-1

[Event "OLNN 1617 SC Diogenes - SSC Rostock"]
[Site "?"]
[Date "2017.02.19"]
[Round "6.1"]
[White "Rudolf, Henrik"]
[Black "Hochgraefe, Markus"]
[Result "0-1"]
[WhiteElo "2354"]
[BlackElo "2405"]
[PlyCount "54"]
[EventDate "2017.??.??"]

1. e4 e6 2. d4 d5 3. Nc3 Bb4 4. e5 c5 5. a3 Bxc3+ 6. bxc3 Ne7 7. h4 Qc7 8. Rb1
Nbc6 9. h5 h6 10. Qg4 Nf5 11. Bd3 cxd4 12. f4 O-O 13. Ne2 dxc3 14. Qh3 f6 15.
Bxf5 exf5 16. exf6 d4 17. fxg7 Qxg7 18. Qd3 Kh8 19. Kf2 Rg8 20. Rh2 Be6 21. Rb5
Rad8 22. Rxf5 Bxf5 23. Qxf5 d3 24. cxd3 Nd4 25. Qe5 Nxe2 26. Qxg7+ Rxg7 27.
Kxe2 Rf7 0-1

[Event "OLNN 1617 SC Diogenes - SSC Rostock"]
[Site "?"]
[Date "2017.02.19"]
[Round "6.2"]
[White "Schulenburg, Fabian"]
[Black "Skibbe, Willi"]
[Result "1/2-1/2"]
[WhiteElo "2237"]
[BlackElo "2292"]
[PlyCount "97"]
[EventDate "2017.??.??"]

1. e4 e5 2. Nf3 Nc6 3. Bb5 Nf6 4. O-O Nxe4 5. Re1 Nd6 6. Nxe5 Be7 7. Bf1 O-O 8.
d4 Nf5 9. c3 Nxe5 10. Rxe5 d6 11. Re1 d5 12. Nd2 Nd6 13. Bd3 c6 14. Nf1 Bf5 15.
Bf4 Bg6 16. b3 Qd7 17. f3 Rfe8 18. Bxg6 hxg6 19. Qd2 Bh4 20. Bg3 Bf6 21. Bf4
Bh4 22. Bg3 Bf6 23. Bf4 Nf5 24. Bg5 Bxg5 25. Qxg5 Re6 26. Rxe6 Qxe6 27. Qd2 Re8
28. Kf2 Kf8 29. Re1 Qd6 30. Rxe8+ Kxe8 31. Ng3 Ne7 32. h4 Kd7 33. h5 Qf6 34.
hxg6 Nxg6 35. Ne2 Qh4+ 36. g3 Qh2+ 37. Kf1 Qh3+ 38. Kf2 Qh2+ 39. Kf1 Qh3+ 40.
Kf2 Qf5 41. Nc1 Nf8 42. Nd3 Ne6 43. Nc5+ Nxc5 44. dxc5 Qh3 45. Qf4 Qh2+ 46. Kf1
Qh1+ 47. Kf2 Qh2+ 48. Kf1 Qh1+ 49. Kf2 1/2-1/2

[Event "OLNN 1617 SC Diogenes - SSC Rostock"]
[Site "?"]
[Date "2017.02.19"]
[Round "6.3"]
[White "Jaster, Robert"]
[Black "Korba, Roman"]
[Result "1-0"]
[WhiteElo "2273"]
[BlackElo "2230"]
[PlyCount "119"]
[EventDate "2017.??.??"]

1. d4 e6 2. Nf3 f5 3. g3 Nf6 4. Bg2 Be7 5. O-O O-O 6. c4 c6 7. Nbd2 d5 8. Qc2
Nbd7 9. Ng5 Nb6 10. c5 Ng4 11. Ndf3 Nc4 12. Nh3 b6 13. b3 Na5 14. cxb6 axb6 15.
Nf4 Bd7 16. Nd3 Nf6 17. Nfe5 Qc7 18. Bf4 Qa7 19. b4 Nb7 20. Nxd7 Nxd7 21. Qxc6
Nd8 22. Qb5 Qa4 23. Qxa4 Rxa4 24. Rfc1 Re8 25. a3 g5 26. Bd2 Nf7 27. Nb2 Ra7
28. a4 Nd6 29. Rc6 Kf7 30. Rac1 Rb8 31. Rc7 Rbb7 32. Rxb7 Rxb7 33. e3 g4 34.
Be1 Bf6 35. Nd3 Nc4 36. Rxc4 dxc4 37. Bxb7 cxd3 38. Bc6 Ke7 39. Bb5 e5 40. Bxd3
exd4 41. exd4 Bxd4 42. Bxf5 Ne5 43. Be4 h5 44. a5 bxa5 45. bxa5 Ke6 46. Kg2 Nd7
47. Bg6 Nf6 48. a6 Ba7 49. Bd2 Kd5 50. Bg5 Nd7 51. Bxh5 Nb8 52. Bxg4 Nxa6 53.
h4 Bd4 54. Be3 Bh8 55. Bf5 Nc7 56. f4 Ne8 57. Kf3 Kd6 58. g4 Ke7 59. g5 Kf7 60.
h5 1-0

[Event "OLNN 1617 SC Diogenes - SSC Rostock"]
[Site "?"]
[Date "2017.02.19"]
[Round "6.4"]
[White "Schulenburg, Torben"]
[Black "Pererva, Viktor"]
[Result "1-0"]
[WhiteElo "2141"]
[BlackElo "2093"]
[PlyCount "125"]
[EventDate "2017.??.??"]

1. d4 d5 2. Nf3 Nf6 3. c4 c6 4. e3 Bg4 5. Qb3 Qb6 6. Nc3 e6 7. Ne5 Bf5 8. c5
Qc7 9. Bd2 Nbd7 10. Nxd7 Nxd7 11. Be2 Be7 12. O-O O-O 13. f3 e5 14. Be1 Rae8
15. Bf2 Bf6 16. Rfe1 Bg6 17. Qd1 exd4 18. exd4 Re6 19. Qd2 Rfe8 20. b4 h6 21.
Bg3 Qd8 22. Bf1 Rxe1 23. Rxe1 Rxe1 24. Bxe1 Qe7 25. Bf2 Bg5 26. f4 Bf6 27. b5
Qd8 28. g3 Qa5 29. Ne4 Qa3 30. Nd6 cxb5 31. Bxb5 Nf8 32. f5 Bh5 33. Nxb7 Bg5
34. Qc2 Be3 35. Nd6 Nh7 36. Bxe3 Qxe3+ 37. Qf2 Qc1+ 38. Kg2 Ng5 39. Be2 Bxe2
40. Qxe2 h5 41. h4 Ne4 42. Nxe4 dxe4 43. Qxe4 Qd2+ 44. Kg1 Qd1+ 45. Kh2 Qd2+
46. Kh3 Qd1 47. c6 Qf1+ 48. Kh2 Qf2+ 49. Qg2 Qxf5 50. c7 Kh7 51. d5 g5 52. hxg5
h4 53. gxh4 Qe5+ 54. Qg3 Qe2+ 55. Kh3 Qf1+ 56. Kg4 Qc4+ 57. Qf4 f5+ 58. Kxf5
Qxd5+ 59. Kf6 Qc6+ 60. Ke7 Qc5+ 61. Qd6 Qf5 62. Qh6+ Kg8 63. Qe6+ 1-0

[Event "OLNN 1617 SC Diogenes - SSC Rostock"]
[Site "?"]
[Date "2017.02.19"]
[Round "6.5"]
[White "Mangold, Thomas"]
[Black "Stephan, Axel"]
[Result "1-0"]
[WhiteElo "1984"]
[BlackElo "2198"]
[PlyCount "53"]
[EventDate "2017.??.??"]

1. d4 c5 2. d5 d6 3. e4 e5 4. Bb5+ Nd7 5. a4 g6 6. Ne2 Bg7 7. Nec3 Ne7 8. O-O
O-O 9. Bxd7 Qxd7 10. a5 Rb8 11. Na3 b5 12. axb6 axb6 13. Nab5 f5 14. Bg5 f4 15.
Bxe7 Qxe7 16. f3 Qd7 17. Qe2 Bf6 18. Ra7 Bb7 19. Qc4 g5 20. Rfa1 Bd8 21. Qe2
Kh8 22. Rb1 Qe7 23. b4 cxb4 24. Rxb4 Qf6 25. Rc4 Rg8 26. Na2 Be7 27. Rc7 1-0

[Event "OLNN 1617 SC Diogenes - SSC Rostock"]
[Site "?"]
[Date "2017.02.19"]
[Round "6.6"]
[White "Gottuk, Stefan"]
[Black "Engel, Gunnar"]
[Result "1-0"]
[WhiteElo "2194"]
[BlackElo "2068"]
[PlyCount "85"]
[EventDate "2017.??.??"]

1. e4 c5 2. Be2 Nc6 3. f4 e6 4. Nf3 d5 5. d3 dxe4 6. dxe4 Qxd1+ 7. Bxd1 b6 8.
c3 Bb7 9. Be3 Nf6 10. Bc2 h6 11. Nbd2 O-O-O 12. O-O-O Bd6 13. g3 Bc7 14. Rhe1
Rd7 15. e5 Nd5 16. Bg1 g5 17. fxg5 hxg5 18. Nxg5 Nxe5 19. Rf1 Ba6 20. Ba4 Re7
21. c4 Nb4 22. a3 Nbd3+ 23. Kc2 Rd8 24. Bb3 Bb7 25. Nde4 f5 26. Nc3 Bg2 27.
Nxe6 Rxe6 28. Rxf5 Bh3 29. Rg5 Nf3 30. Rg7 Nde1+ 31. Kc1 Nxg1 32. Nd5 Ne2+ 33.
Kb1 Nd4 34. Rxc7+ Kb8 35. Ba4 b5 36. Rxc5 bxa4 37. Rxd4 Bf5+ 38. Ka2 Nd3 39.
Rb5+ Rb6 40. Nxb6 Nc1+ 41. Ka1 Nb3+ 42. Rxb3 Rxd4 43. Nxa4+ 1-0

[Event "OLNN 1617 SC Diogenes - SSC Rostock"]
[Site "?"]
[Date "2017.02.19"]
[Round "6.7"]
[White "Celmer, Ole"]
[Black "Mueller-Navarra, Sylvin"]
[Result "1/2-1/2"]
[WhiteElo "1917"]
[BlackElo "1956"]
[PlyCount "33"]
[EventDate "2017.??.??"]

1. e4 e6 2. d4 d5 3. Nc3 dxe4 4. Nxe4 Bd7 5. Nf3 Bc6 6. Bd3 Nd7 7. O-O Ngf6 8.
Qe2 Nxe4 9. Bxe4 Bxe4 10. Qxe4 c6 11. Qf4 Nf6 12. Qg3 Bd6 13. Ne5 O-O 14. Bh6
Ne8 15. Bf4 Nf6 16. Bh6 Ne8 17. Bf4 1/2-1/2

[Event "OLNN 1617 SC Diogenes - SSC Rostock"]
[Site "?"]
[Date "2017.02.19"]
[Round "6.8"]
[White "Woelk, Tom-Frederic"]
[Black "Schumann, Rabea"]
[Result "1/2-1/2"]
[WhiteElo "2097"]
[BlackElo "1858"]
[PlyCount "108"]
[EventDate "2017.??.??"]

1. e4 c5 2. Nf3 Nc6 3. d4 cxd4 4. Nxd4 g6 5. Nc3 Bg7 6. Be3 Nf6 7. Bc4 Qa5 8.
O-O O-O 9. Bb3 d6 10. h3 Bd7 11. f4 Nxd4 12. Bxd4 Bc6 13. Qd3 Nd7 14. Bxg7 Kxg7
15. Rae1 Rad8 16. Re3 Qc5 17. Kh1 Nb6 18. Rfe1 e6 19. Rg3 d5 20. e5 Kh8 21. Nd1
Ba4 22. Bxa4 Nxa4 23. Qb3 b5 24. c3 d4 25. Qc2 dxc3 26. bxc3 Rd7 27. Nf2 Rfd8
28. Ne4 Qc6 29. Qe2 Nc5 30. Nd6 a6 31. Qg4 Nb7 32. Ne4 Rd3 33. Rxd3 Rxd3 34.
Qh4 Kg7 35. Qf6+ Kg8 36. h4 Qc7 37. Ng5 Rd7 38. f5 Qd8 39. fxe6 Qxf6 40. exf6
fxe6 41. Rxe6 Nd6 42. g3 h6 43. Nf3 Kf7 44. Nd4 Nf5 45. Rxa6 Nxd4 46. cxd4 Rxd4
47. Kg2 Ra4 48. Rxa4 bxa4 49. Kf3 Kxf6 50. Ke4 g5 51. h5 a3 52. g4 Ke6 53. Kd4
Kd6 54. Ke4 Ke6 {(=)} 1/2-1/2

[Event "OLNN 1617 SSC Rostock - SF Schwerin"]
[Site "?"]
[Date "2017.03.19"]
[Round "7.2"]
[White "Skibbe, Willi"]
[Black "Kesten, Sebastian"]
[Result "1/2-1/2"]
[WhiteElo "2292"]
[BlackElo "2275"]
[PlyCount "40"]
[EventDate "2017.??.??"]

1. d4 Nf6 2. c4 g6 3. Nc3 Bg7 4. e4 d6 5. Be2 O-O 6. Be3 Na6 7. g4 c5 8. d5 Qa5
9. f3 Nc7 10. Qd2 Re8 11. h4 a6 12. h5 b5 13. hxg6 fxg6 14. e5 dxe5 15. g5 Nd7
16. Ne4 Qxd2+ 17. Kxd2 bxc4 18. d6 Nd5 19. dxe7 Nxe3 20. Kxe3 Nb6 1/2-1/2

[Event "OLNN 1617 SSC Rostock - SF Schwerin"]
[Site "?"]
[Date "2017.03.19"]
[Round "7.3"]
[White "Reichmann, Hendrik"]
[Black "Jaster, Robert"]
[Result "1-0"]
[WhiteElo "2354"]
[BlackElo "2273"]
[PlyCount "57"]
[EventDate "2017.??.??"]

1. d4 f5 2. Nf3 Nf6 3. Bg5 e6 4. Nbd2 Be7 5. e3 O-O 6. Bd3 d5 7. c3 Nbd7 8. h4
Ng4 9. Bf4 Bd6 10. Ng5 Qe7 11. Nxh7 Nxf2 12. Kxf2 Kxh7 13. Nf3 Nf6 14. Ne5 Bd7
15. g4 Kg8 16. g5 Ng4+ 17. Kg3 Bc6 18. Nxg4 fxg4 19. Qxg4 e5 20. dxe5 Bxe5 21.
Rae1 Qd6 22. Rhf1 g6 23. h5 Bd7 24. Qh4 Bf5 25. hxg6 Bxf4+ 26. exf4 Qxg6 27.
Rh1 Qg7 28. Bxf5 Rxf5 29. Re6 1-0